Historia del viejo y nuevo Testamento

Saved in:
Bibliographic Details
Main Author: Erra, Carlos Antonio (Author)
Format: Book
Language:Spanish
Published: Madrid Joachin Ibarra 1778
Edition:2a. ed
Subjects:
Tags: Add Tag
No Tags, Be the first to tag this record!

MARC

LEADER 00000cam a2200000 a 4500
001 UCD2654
003 CL-VaPUC
008 160505e17780000sp |||||||||||||||||spa|d
082 0 4 |a 220.9  |b ERR  |2 21 
100 0 |a Erra, Carlos Antonio  |e author  |9 586004 
245 1 0 |a Historia del viejo y nuevo Testamento 
250 |a 2a. ed 
300 |a t 
942 |c BK 
945 |d 20160505 16:04:00  |a dcastane 
260 |a Madrid  |b Joachin Ibarra  |c 1778 
650 0 |a Biblia  |9 257603 
650 0 |a Antiguo testamento   |9 313678 
650 0 |a Nuevo testamento  |9 257604 
583 |a last modification  |c 20160505 16:04:00  |k Rodrigo Vera 
999 |c 363776  |d 363774 
952 |0 0  |1 0  |3 erd  |4 0  |6 220_900000000000000_ERR_1778  |7 0  |8 X  |9 476486  |a BIBTEO  |b BIBTEO  |c TEO_FFR  |h t.6  |i 5229677  |o 220.9 ERR 1778  |p 5229677  |r 2024-01-18  |w 2019-11-24  |y BK_X  |z Catalogado en:20160505  |k OFM 
952 |0 0  |1 0  |3 erd  |4 0  |6 220_900000000000000_ERR_1778  |7 0  |8 X  |9 476487  |a BIBTEO  |b BIBTEO  |c TEO_FFR  |h t.7  |i 5229685  |o 220.9 ERR 1778  |p 5229685  |r 2024-01-18  |w 2019-11-24  |y BK_X  |z Catalogado en:20160505  |k OFM